[Event "Olympiad-32"]
[Site "Yerevan"]
[Date "1996.09.27"]
[Round "11.2"]
[White "Magai, Vladimir"]
[Black "Urday Caceres, Henry"]
[Result "0-1"]
[WhiteElo "2500"]
[BlackElo "2450"]
[PlyCount "76"]
[EventDate "1996.09.15"]
[EventType "team-swiss"]
[EventRounds "14"]
[EventCountry "ARM"]
[SourceTitle "CBM 055"]
[Source "ChessBase"]
[SourceDate "1996.12.01"]
[SourceVersion "1"]
[SourceVersionDate "1996.12.01"]
[SourceQuality "1"]
[WhiteTeam "Kyrgyzstan"]
[BlackTeam "Peru"]
[WhiteTeamCountry "KGZ"]
[BlackTeamCountry "PER"]

1. d4 Nf6 2. c4 e6 3. Nf3 Bb4+ 4. Bd2 a5 5. g3 b6 6. Bg2 Bb7 7. 0-0 0-0 8. Qc2 Be4 9. Qc1 Nc6 10. Bc3 Ne7 11. Qd2 Bxc3 12. Nxc3 Bc6 13. Rac1 Ne4 14. Qd3 Nxc3 15. Rxc3 f5 16. Ne5 Bxg2 17. Kxg2 d6 18. Nf3 Qd7 19. e4 Rab8 20. b3 h6 21. exf5 Rxf5 22. Re1 Rbf8 23. Qe4 R5f6 24. Re2 Qc6 25. Qxc6 Nxc6 26. Re4 e5 27. dxe5 Nxe5 28. Nxe5 Rxf2+ 29. Kh3 dxe5 30. Rxe5 Rxa2 31. c5 Rff2 32. cxb6 cxb6 33. Kg4 Rxh2 34. Re8+ Kh7 35. Rcc8 Rac2 36. Rh8+ Kg6 37. Rb8 Rc6 38. Rb7 Rf6 0-1

[Event "Olympiad-32"]
[Site "Yerevan"]
[Date "1996.09.24"]
[Round "8.2"]
[White "Magai, Vladimir"]
[Black "Lima, Darcy Gustavo Macha"]
[Result "1-0"]
[WhiteElo "2500"]
[BlackElo "2430"]
[PlyCount "137"]
[EventDate "1996.09.15"]
[EventType "team-swiss"]
[EventRounds "14"]
[EventCountry "ARM"]
[SourceTitle "CBM 055"]
[Source "ChessBase"]
[SourceDate "1996.12.01"]
[SourceVersion "1"]
[SourceVersionDate "1996.12.01"]
[SourceQuality "1"]
[WhiteTeam "Kyrgyzstan"]
[BlackTeam "Brazil"]
[WhiteTeamCountry "KGZ"]
[BlackTeamCountry "BRA"]

1. d4 d5 2. c4 dxc4 3. e4 c5 4. d5 Nf6 5. Nc3 e6 6. Bxc4 exd5 7. Nxd5 Nxd5 8. Bxd5 Be7 9. Nf3 0-0 10. 0-0 Qb6 11. Ne5 Be6 12. Qf3 Nd7 13. Bf4 Rfd8 14. Rad1 Nxe5 15. Bxe5 Bf8 16. Qc3 Rd7 17. Rd3 Bxd5 18. exd5 Qa6 19. a3 c4 20. Rd2 Re8 21. h3 b5 22. d6 Qc6 23. Rfd1 a6 24. Rd5 Qb6 25. Qb4 Rb8 26. a4 f6 27. Bg3 bxa4 28. Qxc4 Qb3 29. Qxa6 Qxb2 30. Qxa4 Rbd8 31. Qe4 Qa3 32. Kh2 h6 33. R1d3 Qc1 34. Bf4 Qc6 35. h4 Kf7 36. Qf3 Rc8 37. Qg4 Rcd8 38. Qf3 Rc8 39. h5 Qc4 40. R3d4 Qc6 41. Rd1 Qa4 42. R5d4 Qb5 43. Rd5 Qa4 44. g3 Rc2 45. Be3 Qc6 46. Qf5 Kg8 47. Rb5 Rc3 48. Rb6 Qc8 49. Rb8 Qxb8 50. Qxd7 Qb3 51. Qg4 f5 52. Qd4 Rc8 53. d7 Rd8 54. Qb6 Qxd1 55. Qxd8 f4 56. Bxf4 Qxh5+ 57. Qh4 Qxh4+ 58. gxh4 Be7 59. Bc7 Bxh4 60. d8Q+ Bxd8 61. Bxd8 g5 62. Kg3 Kf7 63. Kf3 Kg6 64. Ke4 h5 65. f3 h4 66. Be7 Kh5 67. Kf5 h3 68. Bd6 Kh4 69. Bc7 1-0

[Event "Olympiad-32"]
[Site "Yerevan"]
[Date "1996.09.21"]
[Round "6.3"]
[White "Rojas Keim, Luis Alberto"]
[Black "Magai, Vladimir"]
[Result "0-1"]
[WhiteElo "2355"]
[BlackElo "2500"]
[PlyCount "60"]
[EventDate "1996.09.15"]
[EventType "team-swiss"]
[EventRounds "14"]
[EventCountry "ARM"]
[SourceTitle "CBM 055"]
[Source "ChessBase"]
[SourceDate "1996.12.01"]
[SourceVersion "1"]
[SourceVersionDate "1996.12.01"]
[SourceQuality "1"]
[WhiteTeam "Chile"]
[BlackTeam "Kyrgyzstan"]
[WhiteTeamCountry "CHI"]
[BlackTeamCountry "KGZ"]

1. e4 d5 2. exd5 Nf6 3. d4 Nxd5 4. Nf3 g6 5. Bd3 Bg7 6. 0-0 0-0 7. Re1 c5 8. dxc5 Na6 9. Bxa6 bxa6 10. Nbd2 Bb7 11. Nb3 Qc7 12. Qe2 e5 13. Qc4 Nb6 14. Qb4 Nd7 15. Ng5 Nf6 16. f3 h6 17. Ne4 Nxe4 18. fxe4 f5 19. exf5 gxf5 20. Bd2 Rad8 21. Bc3 Kh7 22. Re2 f4 23. Bxe5 Bxe5 24. Rxe5 Qxe5 25. Qxb7+ Kh8 26. Qxa6 Qe3+ 27. Kh1 f3 28. Qc6 f2 29. Qb5 Qe1+ 30. Qf1 Rd1 0-1

[Event "Olympiad-32"]
[Site "Yerevan"]
[Date "1996.09.20"]
[Round "5.2"]
[White "Freyre Forest, Jorge"]
[Black "Magai, Vladimir"]
[Result "0-1"]
[WhiteElo "2235"]
[BlackElo "2500"]
[PlyCount "80"]
[EventDate "1996.09.15"]
[EventType "team-swiss"]
[EventRounds "14"]
[EventCountry "ARM"]
[SourceTitle "CBM 055"]
[Source "ChessBase"]
[SourceDate "1996.12.01"]
[SourceVersion "1"]
[SourceVersionDate "1996.12.01"]
[SourceQuality "1"]
[WhiteTeam "Puerto Rico"]
[BlackTeam "Kyrgyzstan"]
[WhiteTeamCountry "PUR"]
[BlackTeamCountry "KGZ"]

1. e4 d5 2. exd5 Nf6 3. d4 Nxd5 4. Nf3 g6 5. Be2 Bg7 6. 0-0 0-0 7. c4 Nb6 8. h3 Nc6 9. Be3 e5 10. Nxe5 Nxe5 11. dxe5 Bxe5 12. Qb3 Re8 13. Nc3 Qh4 14. f4 Bd6 15. Nb5 Qe7 16. Bxb6 axb6 17. Nxd6 Qxd6 18. Bf3 Qc5+ 19. Kh1 c6 20. Rfe1 Rxe1+ 21. Rxe1 Be6 22. Re5 Qxc4 23. Qxb6 Qc1+ 24. Qg1 Qxf4 25. Re4 Qf6 26. Rb4 Bxh3 27. Rxb7 Re8 28. Qf2 Bg4 29. Rb3 Re5 30. Kg1 Rf5 31. Qe2 Re5 32. Qf2 Bxf3 33. Rxf3 Qe6 34. Rh3 Qxa2 35. Qh4 h5 36. Qd8+ Kg7 37. Rd3 Qxb2 38. Qd6 Re1+ 39. Kh2 Qe5+ 40. Qxe5+ Rxe5 0-1

[Event "Asia-ch"]
[Site "Dubai"]
[Date "1996.??.??"]
[Round "?"]
[White "Magai, Vladimir"]
[Black "Husari, Satea"]
[Result "1/2-1/2"]
[WhiteElo "2500"]
[BlackElo "2295"]
[PlyCount "39"]
[EventDate "1996.??.??"]
[EventType "swiss"]
[EventRounds "9"]
[EventCountry "UAE"]
[SourceTitle "EXT 1999"]
[Source "ChessBase"]
[SourceDate "1998.11.16"]
[SourceVersion "1"]
[SourceVersionDate "1998.11.16"]
[SourceQuality "1"]

1. d4 Nf6 2. c4 g6 3. Nc3 Bg7 4. e4 d6 5. f3 c6 6. Be3 a6 7. Bd3 b5 8. Nge2 Nbd7 9. 0-0 Bb7 10. b3 0-0 11. Qd2 Re8 12. Rac1 Qa5 13. Rfd1 Rad8 14. Nb1 Qxd2 15. Nxd2 e5 16. d5 Nc5 17. Nb1 b4 18. dxc6 Bxc6 19. Rf1 a5 20. Rc2 1/2-1/2

[Event "Asia-ch"]
[Site "Dubai"]
[Date "1996.??.??"]
[Round "?"]
[White "Magai, Vladimir"]
[Black "Mansour, Sameer"]
[Result "1-0"]
[WhiteElo "2500"]
[BlackElo "2210"]
[PlyCount "61"]
[EventDate "1996.??.??"]
[EventType "swiss"]
[EventRounds "9"]
[EventCountry "UAE"]
[SourceTitle "EXT 1999"]
[Source "ChessBase"]
[SourceDate "1998.11.16"]
[SourceVersion "1"]
[SourceVersionDate "1998.11.16"]
[SourceQuality "1"]

1. d4 Nf6 2. c4 e6 3. Nf3 Bb4+ 4. Bd2 Bxd2+ 5. Qxd2 0-0 6. g3 b6 7. Bg2 Bb7 8. 0-0 d6 9. Nc3 Nbd7 10. Qc2 Qe7 11. e4 e5 12. d5 Rfc8 13. Qe2 c6 14. Nd2 cxd5 15. exd5 Re8 16. Rae1 Nf8 17. f4 Qd7 18. f5 a6 19. Nce4 Nxe4 20. Nxe4 f6 21. g4 Qe7 22. g5 Nd7 23. gxf6 gxf6 24. Kh1 b5 25. cxb5 Kh8 26. Rg1 Bxd5 27. Rd1 Nb6 28. Qf2 Bxe4 29. Bxe4 d5 30. Qxb6 dxe4 31. Rd7 1-0